| 000 | 00766 a2200277 4500 | ||
|---|---|---|---|
| 001 | 12780 | ||
| 003 | TR-AnTOB | ||
| 005 | 20250516102451.0 | ||
| 008 | 110129b tu 000 0 | ||
| 020 | _a8853000171 | ||
| 040 |
_aTR-AnTOB _beng _cTR-AnTOB _erda |
||
| 041 | 0 | _aeng | |
| 050 | 0 | 0 |
_aPE1128 _b.S54 2003 |
| 099 | _aPE EASY BLA L2 BRO 2003 | ||
| 100 | 1 |
_aDoyle, Arthur Conan, _d1859-1930 _9119022 |
|
| 245 | 0 | 0 |
_aSherlock Holmes : _binvestigates. |
| 264 | 1 |
_aGenoa : _bBlack Cat, _c2003. |
|
| 300 |
_a143 pages ; 22 cm. _e+ 1 CD-ROM (4 3/4 in.). |
||
| 336 |
_2rdacontent _atext _btxt |
||
| 337 |
_2rdamedia _aunmediated _bn |
||
| 338 |
_2rdacarrier _avolume _bnc |
||
| 490 | 0 | _aReading & Training. | |
| 500 | _a"elementary". | ||
| 942 |
_cMX _2lcc |
||
| 999 |
_c12780 _d25699 |
||